| 000 | 00410nam a22001697a 4500 | ||
|---|---|---|---|
| 003 | CEME | ||
| 005 | 20210628203712.0 | ||
| 008 | 210324b xxu||||| |||| 00| 0 eng d | ||
| 040 | _c. | ||
| 082 | _a0333 WAS | ||
| 100 |
_aF.Martin , Thro Ellen _966926 |
||
| 245 | _aFuzzy logic a practical approach | ||
| 260 |
_aRAWALPINDI _bPDF _c1994 |
||
| 300 | _aPDF | ||
| 650 |
_aFUZZY LOGIC _960142 |
||
| 942 |
_cBK _2ddc |
||
| 999 |
_c574787 _d574787 |
||